| 000 | 00537nam a2200181Ia 4500 | ||
|---|---|---|---|
| 999 |
_c33397 _d33397 |
||
| 003 | OSt | ||
| 005 | 20200916143858.0 | ||
| 008 | 190216s9999||||xx |||||||||||||| ||und|| | ||
| 020 | _a0306420791 | ||
| 040 | _coclc | ||
| 082 |
_a621.3692 _bPER/F |
||
| 100 |
_aPersonick, Stewart D _94634 |
||
| 245 | 0 |
_aFiber Optics Technology And Applications / _cStewart D Personick |
|
| 260 |
_bKhanna Publishers, _c1998. _aDelhi: |
||
| 300 | _a257p | ||
| 650 | _aPhysics | ||
| 942 |
_cBK _2ddc _h621.3692 _iPER/F _k621.3692 _mPER/F |
||